Japan's high-tech industries : And a new stage development for the Tokyo stock market

সংরক্ষণ করুন:
গ্রন্থ-পঞ্জীর বিবরন
সংস্থা লেখক: Yamaichi Securities
বিন্যাস: গ্রন্থ
ভাষা:Undetermined
প্রকাশিত: Japan Yamaichi Securities 1984
বিষয়গুলি:
ট্যাগগুলো: ট্যাগ যুক্ত করুন
কোনো ট্যাগ নেই, প্রথমজন হিসাবে ট্যাগ করুন!
Thư viện lưu trữ: Trung tâm Học liệu Trường Đại học Cần Thơ
LEADER 00582nam a2200205Ia 4500
001 CTU_95435
008 210402s9999 xx 000 0 und d
082 |a 338.4 
082 |b Y19 
110 |a Yamaichi Securities 
245 0 |a Japan's high-tech industries : 
245 6 |b And a new stage development for the Tokyo stock market 
245 0 |c Yamaichi Securities 
260 |a Japan 
260 |b Yamaichi Securities 
260 |c 1984 
650 |a High technology industries 
650 |z Japan 
904 |i Giang 
980 |a Trung tâm Học liệu Trường Đại học Cần Thơ